000 00842nas a2200277 4500
001 BR2012008498
003 BR-BrBNA
005 20231205121459.0
007 ta
008 230509b bl.|||p| |||| 00| 00por d
040 _aBR-BrBNA
_bpor
_cBiblioteca Nacional de Agricultura
041 _a(Pt)
072 _aH60
100 1 _aGoulart, I.C.G. dos R.
100 1 _aNunes, A.L.
100 1 _aKupas, V.
100 1 _aMerotto Junior, A.
245 1 _aInterações entre herbicidas e protetores para o controle de capim-annoni em pastagem natural
650 _aCAPIM ANNONI
650 _aERVA DANINHA
650 _aPASTAGEM NATURAL
650 _aHERBICIDA
773 0 _tCiência Rural (Brazil)
_xISSN 0103-8478
_g(Oct 2012), v. 42(10) p. 1722-1730
_wBR2012008498
909 _a202311
_bLúcia
_c55
_dLúcia Elande
942 _2AGRIS
_n0
_cANA
999 _c223780
_d223780